| 000 | 00667nam a2200217 i 4500 | ||
|---|---|---|---|
| 001 | 181063 | ||
| 003 | ES-MaACL | ||
| 005 | 20231224062934.0 | ||
| 008 | 121015s2011 sp a | |||||||| | spa d | ||
| 020 | _a978-84-7035-097-9 | ||
| 080 | _a821.134.2-22"19" | ||
| 100 | 1 |
_aBaroja, Pío, _d1872-1956 _925752 |
|
| 245 | 1 | 4 |
_aLos convencionales humoristas / _cPío Baroja. |
| 260 |
_aMadrid : _bCaro Raggio, _c[2011] |
||
| 300 |
_a109 p. : _bil. ; _c25 cm. |
||
| 490 | 1 |
_aColección Itzea ; _v6 |
|
| 830 | 0 |
_aColección Itzea ; _v6 _9224682 |
|
| 852 |
_aES-MaACL _jA-12275 _9187946 _bR.148344 _cDEPO1 _dOlim: N-5280 |
||
| 942 |
_2udc _cMONOGRAFIA |
||
| 999 |
_c181063 _d181063 |
||